Statistics for Capitals of the world's least dense countries (easy)

Click here to take the quiz!

General Stats

  • This quiz has been taken 14 times
  • The average score is 8 of 10

Answer Stats

population density pers/miles²country namecapital of this country% Correct
2 pers/miles²CanadaOttawa
93%
1,1 pers/ miles²MongoliaUlan-Bator
93%
1,6 pers/miles²AustraliaCanberra
86%
1,8 pers/miles²IcelandReykjavik
86%
2,2 pers/miles²GuyanaGeorgetown
79%
1,7 pers/miles²SurinameParamaribo
79%
2 pers/miles²LibyaTripoli
79%
1,5 pers/miles²NamibiaWindhoek
79%
1,7 pers/miles²BotswanaGaborone
64%
1,9 pers/miles²MauritaniaNouakchott
57%

Score Distribution

Percentile by Number Answered

Percent of People with Each Score

Your Score History

You have not taken this quiz